LEADER 01616nam--2200481---450- 001 990002781510203316 005 20091028090227.0 010 $a88-464-5141-4 035 $a000278151 035 $aUSA01000278151 035 $a(ALEPH)000278151USA01 035 $a000278151 100 $a20060714d2004----km-y0itay0103----ba 101 $aita 102 $aIT 105 $a||||||||001yy 200 1 $a<> governo del processo strategico nelle aziende sanitarie$eattori, strumenti e sistemi regionali a confronto$fPaola Olimpia Achard, Valentina Castello, Silvia Profili$gpresentazione di F. Fontana 210 $aMilano$cF. Angeli$dc2004 215 $a174 p.$d23 cm 225 2 $aSanità$v19 410 0$12001$aSanità$v19 454 1$12001 461 1$1001-------$12001 606 0 $aAziende sanitarie locali$xGestione 676 $a362.1068 700 1$aACHARD,$bPaola Olimpia$0117811 701 1$aCASTELLO,$bValentina$0542669 701 1$aPROFILI,$bSilvia$0594079 801 0$aIT$bsalbc$gISBD 912 $a990002781510203316 951 $aP07 645$bDISTRA 951 $a362.106 ACH 1 a$b18249 EC.$c362.106$d00229531 951 $a362.106 ACH 1$b18250 EC.$c362.106$d00229632 959 $aBK 969 $aDISTRA 969 $aECO 979 $aDISTRA1$b90$c20060714$lUSA01$h1405 979 $aFIORELLA$b90$c20091028$lUSA01$h0853 979 $aFIORELLA$b90$c20091028$lUSA01$h0856 979 $aFIORELLA$b90$c20091028$lUSA01$h0858 979 $aFIORELLA$b90$c20091028$lUSA01$h0902 996 $aGoverno del processo strategico nelle aziende sanitarie$9996754 997 $aUNISA